[Event "TAN-ch op"]
[Site "Dar es Salaam"]
[Date "2015.11.30"]
[Round "7"]
[White "Emojong, Elijah"]
[Black "Mwaisumbe, Emmanuel"]
[Result "1-0"]
[WhiteElo "2283"]
[BlackElo "1635"]
[PlyCount "67"]
[EventDate "2015.11.27"]
[EventType "swiss"]
[EventRounds "8"]
[EventCountry "TAN"]
[SourceTitle "CBM 170 Extra"]
[Source "ChessBase"]
[SourceDate "2016.02.25"]
[SourceVersion "1"]
[SourceVersionDate "2016.02.25"]
[SourceQuality "1"]

1. e4 c5 2. b4 cxb4 3. a3 b3 4. cxb3 d6 5. Bb2 Nf6 6. Nc3 Nc6 7. d4 e6 8. Nf3 Be7 9. Bd3 0-0 10. Rc1 a6 11. Bb1 b5 12. e5 dxe5 13. dxe5 Qxd1+ 14. Nxd1 Nxe5 15. Nxe5 Bb7 16. Ne3 Rac8 17. 0-0 Nd5 18. Be4 Rxc1 19. Rxc1 Bg5 20. Bxd5 exd5 21. Rc7 Bc8 22. Nxd5 Be6 23. Ne7+ Kh8 24. b4 h5 25. N5c6 Kh7 26. g3 Bc4 27. f4 Bh6 28. Nf5 Re8 29. Ne5 Bd5 30. Nxh6 Kxh6 31. Nxf7+ Bxf7 32. Rxf7 g6 33. Bf6 Re2 34. Bg5# 1-0

[Event "TAN-ch op"]
[Site "Dar es Salaam"]
[Date "2015.11.28"]
[Round "4"]
[White "Emojong, Elijah"]
[Black "Jurgensen, Graham"]
[Result "1/2-1/2"]
[WhiteElo "2283"]
[BlackElo "2023"]
[PlyCount "98"]
[EventDate "2015.11.27"]
[EventType "swiss"]
[EventRounds "8"]
[EventCountry "TAN"]
[SourceTitle "CBM 170 Extra"]
[Source "ChessBase"]
[SourceDate "2016.02.25"]
[SourceVersion "1"]
[SourceVersionDate "2016.02.25"]
[SourceQuality "1"]

1. d4 Nf6 2. c4 g6 3. Nc3 d5 4. cxd5 Nxd5 5. e4 Nxc3 6. bxc3 Bg7 7. Ba3 0-0 8. Bc4 Nd7 9. Ne2 c5 10. 0-0 Qa5 11. Bb2 Rd8 12. Qb3 e6 13. a4 Nf6 14. Ng3 Bd7 15. f4 Qb6 16. f5 cxd4 17. cxd4 Ng4 18. fxe6 Bxe6 19. Bxe6 fxe6 20. Qxb6 axb6 21. Ne2 Rac8 22. Rfc1 Bh6 23. Rxc8 Rxc8 24. Bc1 Bxc1 25. Rxc1 Rxc1+ 26. Nxc1 Nf6 27. e5 Ne4 28. Na2 Kf7 29. Kf1 Nd2+ 30. Ke2 Nc4 31. Nc3 Ke7 32. Kd3 Nb2+ 33. Ke4 Nc4 34. d5 exd5+ 35. Nxd5+ Ke6 36. Nf4+ Kd7 37. h4 Nb2 38. h5 gxh5 39. Kf5 Nxa4 40. e6+ Ke8 41. Nxh5 Nc5 42. Nf6+ Kf8 43. Ke5 b5 44. Kd6 Nxe6 45. Kxe6 b4 46. Nxh7+ Kg7 47. Nf6 b3 48. Ne4 b2 49. Nd2 Kg6 1/2-1/2